000 00732nam a2200205 a 4500
003 0
005 20250312094522.0
008 090709s19uu xx 00 eng d
050 _aPHS SB 608.N4
_b.P221 2009
100 _aPar, Alysa Yvette O.
245 _aThe Use of Neem Tree leaf extract as an alternative to commercial mosquito larvicides /
_cAlysa Yvette O. Par.
260 _aLas PiƱas City, Philippines :
_bSouthville International School and Colleges,
_c2009.
300 _a26 pages :
_billustrations ;
_c28 cm.
500 _aOutstanding PASS
504 _aIncludes bibliographical references.
650 _aAzadirachta indica.
650 _aBotanical pesticides.
650 _aMosquitoes
_xControl.
942 _2lcc
_cPASS
999 _c98267
_d98267